000 006320000a22001810004500
003 MACL
005 20160409132816.0
008 160409b xxu||||| |||| 00| 0 eng d
040 _aMACL
_cMACL
041 _aHindi
082 _a403
100 _aवीरेन्‍द्र सिंह बघेल
_951338
245 _aअंग्रेजी हिन्‍दी मुहावरा एवं कहावत कोश
260 _aदिल्‍ली
_bआकाशदीप पब्लिकेशंस
_c2011
350 _a300
650 _aभाषा विज्ञान
_950429
942 _cHIN
_k403
_2ddc
999 _c46034
_d46034